000 00580nam a2200157 a 4500
008 120416s1992 ||||||||||||||||| || u
020 _a0070194831
050 _aHF 5635 Eng
100 _aEnglard, Baruch
245 1 0 _aTheory and problems of intermediate accounting I
260 _aNew York
_bMcGraw-Hill
_c1992
350 _a0.00
650 0 _aACCOUNTING--HANDBOOKS, MANUALS, ETC
650 _aINTERMIDIATE ACCOUNTING
995 _D0.00
_FCBU-MAIN LIBRARY (Kitwe)
_H1
_I16.95
_M1
_UAVAILABLE
_ZMain Library Open Access Collection
999 _c59761
_d59761